000 00628nam a2200229 i 4500
001 C2-0123806
003 PPAK
005 20180727114616.0
008 970904s1970 io |||| ||||| | may d
040 _aPPAK
_beng
_cPPAK
_erda
082 0 4 _a350.00323
_223
090 0 0 _a350.00323
_bTAN
_dKIH
100 1 _aTan, Mely G.,
_eauthor
245 1 0 _aMasalah kepemimpinan dalam pembangunan nasional
264 1 _aDjakarta, Indonesia :
_bLEKNAS ,
_c1970
300 _a31 pages ;
_c28 cm
336 _2rdacontent
_atext
337 _2rdamedia
_aunmediated
338 _2rdacarrier
_avolume
650 1 0 _aLeadership
942 _ddc
_cB
999 _c36259
_d36259